從殘童到富爸

資料類型: Book 圖書   書目號:46273

Leader xxxxxxxxxx
001 __ PCLIS00046273
005 __  20110808110230.0008
010 0_ |a978-986-6292-07-1|b平裝|d新臺幣340元
042 __ |anbic
100 __ |a20110805d2011    m  y0chiy50      e
101 0_ |achi
102 __ |atw
105 __ |aa   z   000cy
200 1_ |a從殘童到富爸|e|f劉銘作
205 __ |a初版
210 __ |a臺北市|c經典雜誌出版|a臺北縣新店市|c聯合發行經銷|d2011[民100]
215 0_ |a303面|c彩圖|d21公分
225 2_ |a人文系列(經典雜誌)|v7
300 __ |a
461 _0 |12001 |a人文系列(經典雜誌)|v7
681 __ |a855|b7287-2|y100
700 _1 |a|b|4702 __ |a|b|4
801 _1 |atw|bNTL|c20110805|gCCR
詳細館藏(共 1 筆)
索 書 號登 錄 號冊次號館別 / 館藏地流通類型狀態加入預約清單電子資源
855 / 8760 2018429  圖書館 / 一樓普通區 可外借30天 在館   

| 條列資料




目錄查詢 分類查詢 個人資料 圖書薦購 新書查詢 閉館日 排行榜 更多電子資源 Hami書城 線上資料庫 登出

From : 216.73.216.116

  本日流通累計至 18:30:13 借閱 : 6 次 續借 : 0 次 歸還 : 8 次 預約 : 0 次 電子資源 : 0 次


內湖高中圖書館  PCLIS 版本  25.5.0.2